000 00698nam a2200253Ia 4500
003 OSt
005 20221005115106.0
006 a|||||r|||| 00| 0
007 ta
008 221004b |||||||| |||| 00| 0 eng d
024 _a61736
037 _cTextual
040 _aCRL
_cCRL
_beng
041 _2eng
_aeng
082 _aR8465xF35:22, J4
100 _aMaimonides
_9627101
245 0 _aBook of cleanness Tr. by Herbert Danby
260 _c1954
300 _avp.
_ccm.
490 _a(Yale judaica series,ed by Julian Obermann,8).. (Code of Maimonides,10).
650 _aPHILOSOPHY
942 _hR8465xF35:22, J4
_cTEXL
_2cc
999 _c1033394
_d1033394